000
00252nam a22001217a 4500
040
_c
HS
082
_a
611
110
_a
PUBLICATION
245
_a
Human anatomy
260
_a
International university
_b
PUBLICATION
_c
2004
300
_a
60p.
942
_c
KB
999
_c
8754
_d
8754